000 00941nam a2200301Ia 4500
001 A9458
003 IT-RoPAU
008 130308s9999 xx 000 0 und d
040 _aIT-RoPAU
040 _cIT-RoPAU
041 _aFRANCESE
100 _aYemba Kekumba
100 _gCodice Aut. SPICS: 36778
245 _aFondement theologique des liturgies protestantes
245 _bMediations Africaines Du Sacre'-Celebrations Creatrices et Langage Religieux
250 _a1a ed.
260 _aKINSHASA
260 _bCentre D'Etudes Des R.A.
260 _c1987 [1° Ed.:1987 - Ed.Ling.Originale:1986]
300 _a"9 p. (prefazione: no ; testo: 9 [pagine: 483-491])"
500 _aFondamento Teologico delle Liturgie Protestanti. rivelazione e Parola di Dio. Schema di Celebrazione.
650 _aPASTORALE E CULTURE
650 _eCodice materia Spics: 9302
942 _cBK
957 _71
999 _c64264
_d64264
999 _bSI
999 _g1